Statistics for Sailor Moon Quiz

Click here to take the quiz!

General Stats

  • This quiz has been taken 50 times
  • The average score is 6 of 10

Answer Stats

HintAnswer% Correct
What shape are Sailor Jupiter's earrings?Rose
91%
Who is the first Sailor Scout to be introduced after Sailor Moon?Sailor Mercury
91%
What is the name of the black cat that follows Sailor Moon?Luna
86%
Who is the only Sailor Scout that goes to a different school than the rest?Rei Hino/Sailor Mars
86%
What is the name of the white cat that follows Sailor Venus?Artemis
84%
What is the name of Sailor Moon and Tuxedo Mask's future child?Chibiusa/Small Lady
84%
What does Sailor Venus wear in her first episode, but never again later on?Glasses/Disguise
36%
What is the object that gives Sailor Moon her power?The Silver Crystal
34%
Who is Sailor Moon's best friend outside of the Sailor Scouts?Naru Osaka
20%
What is the object Tuxedo Mask uses to defend Sailor Moon during fights?Red rose
18%

Score Distribution

Percentile by Number Answered

Percent of People with Each Score

Your Score History

You have not taken this quiz